[Event "PHI-ch U12"]
[Site "San Antonio"]
[Date "2014.04.22"]
[Round "2"]
[White "Comendador, Marc Jason"]
[Black "Canino, Ronald"]
[Result "0-1"]
[WhiteElo "1797"]
[BlackElo "1906"]
[PlyCount "84"]
[EventDate "2014.04.21"]
[EventType "swiss"]
[EventRounds "13"]
[EventCountry "PHI"]
[SourceTitle "CBM 160 Extra"]
[Source "ChessBase"]
[SourceDate "2014.07.01"]
[SourceVersion "1"]
[SourceVersionDate "2014.07.01"]
[SourceQuality "1"]

1. e4 e6 2. d4 d5 3. Nc3 Nf6 4. Bg5 Be7 5. e5 Nfd7 6. Bxe7 Qxe7 7. f4 a6 8. Nf3 c5 9. dxc5 Nxc5 10. Bd3 Nc6 11. 0-0 Nxd3 12. cxd3 0-0 13. Rc1 Rd8 14. a3 Qe8 15. b4 Ne7 16. Nd4 Bd7 17. Qb3 Nc6 18. Nxc6 Bxc6 19. d4 Bb5 20. Nxb5 Qxb5 21. Rc5 Qe2 22. Qc3 Qe4 23. Rc7 b6 24. h3 h5 25. Re1 Qf5 26. Qc6 Rab8 27. Re3 Qxf4 28. Qc3 Rf8 29. Rf3 Qe4 30. Kh2 Ra8 31. Qd2 Rac8 32. Rfc3 Rxc7 33. Rxc7 Ra8 34. Qf2 Rf8 35. Ra7 Qd3 36. Rb7 b5 37. Qb2 Rc8 38. Qf2 Rf8 39. Qb2 h4 40. Rb6 Qg3+ 41. Kg1 Rc8 42. Qf2 Rc1+ 0-1